1296 1506 1047 1039 1840 1913 1359 1486 1377 1392 1179 1852 1107 1084 1584 1364 1520 1757 1157 1042 1037 1887 1653 1303 1056 1991 1331 1694 1091 1812 1107 1555 1045 1195 1108 1200 1193 1543 1460 1876 1542 1752 1708 1312 1225 1475 1299 1961 1342 1547 1394 1597 1835 1434 1986 1810 1175 1400 1008 1683 1836 1566 1187 1479 1683 1980 1774 1665 1716 1903 1408 1229 1274 1467 1342 1516 1308 1312 1609 1025 1819 1368 1581 1201 1132 2000 1816 1124 1859 1372 1743 1378 1970 1545 1483 1870 1575 1894 1271 BCNSPRNW ULIB Ver.6.0+V

เปลี่ยนเป็นภาษาไทย

Change to English
 แสดงรายละเอียดบรรณานุกรม
  กลับหน้าหลัก

Brief Record : Get Marc (ISO 2709) : E-mail record : QR code < ปิดหน้าต่าง
LEADER : 00000nam 2200000uu 4500
001    13399123706
003     ULIB
008    141116s2549||||th 000 0 tha d
020    9789747074888
099    นว.^bว282ว
100 0  วนวรรณ
245 00 วันที่รอคอย^cวนวรรณ
260    กรุงเทพฯ:^bสำนักพิมพ์อรุณ,^c2549
945    ^p425^l0^i018789
999    ^aเกษร โพธิ์สุวรรณ
รายการนี้ยังไม่มีแท็ก
คุณยังไม่ได้ล็อกอิน คุณสามารถมีกิจกรรมร่วมกับเว็บไซต์ได้ แต่ต้องล็อกอินก่อน ::
  ล็อกอิน

รายการสื่อสารสนเทศ

ลำดับที่ ประเภท เลขเรียก/บาร์โค้ด สถานที่ สถานะ
1. นวนิยาย
นวนิยาย
นว. ว282ว ฉ.1 
  Barcode: 018789
ห้องสมุดวิทยาเขตนครสวรรค์
►นวนิยาย:l:Fiction
บนชั้น

รายการใกล้เคียง
    ผู้แต่ง [วนวรรณ]

BibComment


ยังไม่เคยถูกคอมเมนท์

คอมเมนท์ทรัพยากรรายการนี้
  คอมเมนท์: วันที่รอคอย วนวรรณ


 Copyright 2026. Bcnsprnw @Library